000 00387nam a2200145Ia 4500
008 230917s9999||||xx |||||||||||||| ||und||
040 _e138456
_aMAIN
041 _aEnglish
082 _a333.323 B231M
100 _aBaran, Paula A
245 0 _aMonopoly capital: An essay on the American economic and social order
260 _aLondon
_bPenguin
_c1966
300 _a390 p.
942 _cBK
999 _c95600
_d95600